Hi-5: Songs of the Week - Statistics

General Stats
  • This quiz has been taken 116 times
  • The average score is 77 of 134
Answer Stats
% Correct
Ready Or Not
93%
Grow
89%
Living In A Rainbow
89%
L.O.V.E.
89%
It's A Party
85%
North South East And West
85%
So Many Animals
85%
Dream On
81%
Five Senses
81%
You And Me
81%
In A Different Place
78%
Feel The Beat
74%
Give Five
74%
Making Music
74%
Move Your Body
74%
Robot Number One
74%
Wish Upon A Star
74%
Mirror Mirror
70%
Special
70%
Spin Me Round
70%
You're My Number One
70%
Abracadabra
67%
Feelings
67%
Party Street
67%
Action Hero
63%
Around The World
63%
Celebrate
63%
Come On And Party
63%
Friends Forever
63%
Holiday
63%
I Can Go Anywhere
63%
Stop And Go
63%
T.E.A.M.
63%
Underwater Discovery
63%
WOW!
63%
Build It Up
59%
Ch-Ch-Changing
59%
Give It A Go
59%
Hi-5 Base To Outer Space
59%
Planet Earth
59%
Playtime
59%
Reach Out
59%
Snakes And Ladders
59%
Some Kind Of Wonderful
59%
Special Days
59%
Stop, Look, Listen
59%
Boom Boom Beat
56%
Hi-5 Dance Off
56%
Let's Get To Work
56%
Rain Rain Go Away
56%
The Best Things In Life Are Free
56%
Three Wishes
56%
Zoo Party
56%
Buried Treasure
52%
Hi-5 Farm
52%
Inside My Heart
52%
One Step Forward
52%
Rainbow 'Round The World
52%
Four Seasons
48%
How Much Do I Love You?
48%
Jump And Shout
48%
Move It
48%
Are We There Yet?
44%
Come Alive
44%
Come Around To My Place
44%
Come On In!
44%
Happy Monster Dance
44%
Hey, What's Cooking!
44%
I Spy
44%
Love All Around
44%
Peek-A-Boo
44%
Pretending Day
44%
Share Everything With You
44%
Time Machine
44%
Going Out
41%
Growing Up
41%
Hand In Hand
41%
Happy Today
41%
Hey Presto!
41%
Home Sweet Home
41%
I Believe In Magic
41%
I'm Feeling Fine
41%
Knock, Knock, Knock
41%
Martian Groove
41%
Opposites Attract
41%
Our World
41%
Planet Disco
41%
Toy Box
41%
Turn The Music Up!
41%
We're A Family
41%
When I Grow Up
41%
Animal Dance
37%
Do It All Again
37%
Grab Your Dream
37%
Have Some Fun
37%
Let's Get Away
37%
Sounds Of The City
37%
Starburst
37%
Switching Around
37%
Dance With The Dinosaurs
33%
Living In A Fairytale
33%
Techno World
33%
The Dancing Bus
33%
E-N-E-R-G-Y
30%
Favourite Teddy Bear
30%
Happy House
30%
It's Our Planet
30%
Stand Up Tall On Tippy Toes
30%
Strong And Brave
30%
Backyard Adventurers
22%
No matching quizzes found
Score Distribution
Percent of People with Each Score
Percentile by Number Answered
Your Score History
You have not taken this quiz